书目信息 |
| 题名: |
三希堂法帖
|
|
| 作者: | 梁诗正 , 梁诗正 编 | |
| 分册: | ||
| 出版信息: | 杭州 浙江古籍出版社 1997 |
|
| 页数: | 631页 | |
| 开本: | 21cm | |
| 丛书名: | ||
| 单 册: | ||
| 中图分类: | J292.21 | |
| 科图分类: | ||
| 主题词: | 法帖--中国--古代--选集 | |
| 电子资源: | ||
| ISBN: | 7-80518-424-0 | |
| 000 | 01062nam0 2200349 450 | |
| 000 | 01027nam0 2200337 450 | |
| 000 | 00990nam0 2200325 450 | |
| 000 | 00869nam0 2200301 450 | |
| 000 | 00832nam0 2200289 450 | |
| 000 | 00843nam0 2200301 450 | |
| 000 | 00789nam0 2200277 450 | |
| 000 | 00751nam0 2200265 450 | |
| 000 | 00684nam0 2200241 450 | |
| 001 | 0104000024 | |
| 005 | 20061017090215.50 | |
| 010 | @a7-80518-424-0@dCNY38.80 | |
| 100 | @a20051124d1997 em y0chiy0110 ea | |
| 101 | 0 | @achi |
| 102 | @aCN@b330000 | |
| 105 | @ay zn 000yy | |
| 200 | 1 | @a三希堂法帖@Asan xi tang fa tie@f(清)梁诗正等编@F(qing)liang shi zheng deng bian |
| 210 | @a杭州@c浙江古籍出版社@d1997 | |
| 215 | @a631页@d21cm | |
| 300 | @a附释文 | |
| 606 | 0 | @a法帖@y中国@z古代@x选集 |
| 690 | @aJ292.21@v4 | |
| 701 | 0 | @a梁诗正@9liang shi zheng@4编 |
| 701 | 0 | @a梁诗正@Aliang shi zheng@4编 |
| 801 | 0 | @aCN@b北京荣雅伟业图书经销中心@c20061017 |
| 905 | @aBZT@dJ292.21@e10 | |
| 906 | @dCNY65.00@n0@r1 | |
| 三希堂法帖/(清)梁诗正等编.-杭州:浙江古籍出版社,1997 |
| 631页;21cm |
| 附释文 |
| ISBN 7-80518-424-0:CNY38.80 |
| ● |
| 相关链接 |
|
|
|
正题名:三希堂法帖
索取号:J292.21/10
 
预约/预借
| 序号 | 登录号 | 条形码 | 馆藏地/架位号 | 状态 | 备注 |
| 1 | 503176 | 230072793 | 中心书库中库/ 中库018架B面2列3层1/ [索取号:J292.21/10] | 在馆 | |
| 2 | 503177 | 230072794 | 中心书库中库/ 中库018架B面2列3层2/ [索取号:J292.21/10] | 在馆 | |
| 3 | 503178 | 230072797 | 中心书库中库/ 中库018架B面2列3层4/ [索取号:J292.21/10] | 在馆 | |
| 4 | 503179 | 230072795 | 中心书库中库/ 中库018架B面2列3层5/ [索取号:J292.21/10] | 在馆 | |
| 5 | 503180 | 230072796 | 中心书库中库/ 中库018架B面2列3层3/ [索取号:J292.21/10] | 在馆 |